[Event "Dortmund Sparkassen op-B"]
[Site "Dortmund"]
[Date "2013.08.04"]
[Round "9"]
[White "Vestrick, Frank"]
[Black "Kolodziej, Dennis"]
[Result "0-1"]
[WhiteElo "1672"]
[BlackElo "1825"]
[PlyCount "72"]
[EventDate "2013.07.27"]
[EventType "swiss"]
[EventRounds "9"]
[EventCountry "GER"]
[SourceTitle "EXT 2022"]
[Source "ChessBase"]
[SourceDate "2021.10.06"]
[SourceVersion "1"]
[SourceVersionDate "2021.10.06"]
[SourceQuality "1"]

1. d4 d5 2. c4 e6 3. Nc3 Nf6 4. Nf3 Be7 5. Bg5 0-0 6. e3 h6 7. Bh4 b6 8. Rc1 Bb7 9. Be2 Nbd7 10. 0-0 c5 11. Re1 Rc8 12. dxc5 Nxc5 13. cxd5 Nxd5 14. Bxe7 Qxe7 15. Nd4 Rfd8 16. Nxd5 Bxd5 17. Bc4 Qb7 18. Qg4 Bxc4 19. Rxc4 Qa6 20. Rec1 Nd7 21. Rxc8 Rxc8 22. Nc6 Rxc6 23. Rxc6 Ne5 24. Qe4 Nxc6 25. Qxc6 Qxa2 26. Qc8+ Kh7 27. Qc2+ f5 28. g4 Qd5 29. gxf5 exf5 30. Qa4 a5 31. Qf4 b5 32. h4 a4 33. Kh2 Qe4 34. Qg3 Qg4 35. Qe5 Qxh4+ 36. Kg2 Qe4+ 0-1

[Event "Dortmund Sparkassen op-B"]
[Site "Dortmund"]
[Date "2013.07.29"]
[Round "3"]
[White "Vojdani, Bahram"]
[Black "Kolodziej, Dennis"]
[Result "1-0"]
[WhiteElo "1673"]
[BlackElo "1825"]
[PlyCount "63"]
[EventDate "2013.07.27"]
[EventType "swiss"]
[EventRounds "9"]
[EventCountry "GER"]
[SourceTitle "EXT 2022"]
[Source "ChessBase"]
[SourceDate "2021.10.06"]
[SourceVersion "1"]
[SourceVersionDate "2021.10.06"]
[SourceQuality "1"]

1. b4 e5 2. Bb2 Bxb4 3. Bxe5 Nf6 4. Nc3 Be7 5. Nf3 d6 6. Bxf6 Bxf6 7. d4 Nc6 8. e3 0-0 9. Rb1 d5 10. Bd3 b6 11. h3 Na5 12. 0-0 c5 13. Ne5 Bxe5 14. dxe5 f6 15. exf6 Rxf6 16. Be4 Rd6 17. Bxd5+ Kh8 18. Qh5 Rh6 19. Qe5 Bb7 20. Rbd1 Qh4 21. Bxb7 Nxb7 22. Rd7 Rg6 23. Rxb7 Qxh3 24. Qh2 Qf5 25. e4 Qg5 26. Rd1 Rh6 27. Qg3 Qf6 28. e5 Qf8 29. Rd6 Rh5 30. Rdd7 g6 31. Ne4 Qh6 32. Rxh7+ 1-0

[Event "Ruhrgebiet VK1 1213"]
[Site "Nordrheinwestfalen"]
[Date "2013.04.07"]
[Round "8.2"]
[White "Kolodziej, Dennis"]
[Black "Mohrholz, Uwe"]
[Result "1/2-1/2"]
[WhiteElo "1818"]
[BlackElo "1985"]
[PlyCount "68"]
[EventDate "2012.09.02"]
[EventType "team-tourn"]
[EventRounds "9"]
[EventCountry "GER"]
[SourceTitle "EXT 2020"]
[Source "ChessBase"]
[SourceDate "2019.10.17"]
[SourceVersion "1"]
[SourceVersionDate "2019.10.17"]
[SourceQuality "1"]
[WhiteTeam "Rochade Eving"]
[BlackTeam "Bottrop SV"]
[WhiteTeamCountry "GER"]
[BlackTeamCountry "GER"]

1. e4 e6 2. d3 b6 3. g3 Bb7 4. Bg2 c5 5. Nf3 Nc6 6. Bf4 d6 7. Nbd2 Nf6 8. 0-0 Be7 9. e5 Nd5 10. exd6 Bf6 11. Nc4 Nxf4 12. gxf4 b5 13. d7+ Qxd7 14. Nce5 Qc7 15. Qe2 0-0 16. Nxc6 Bxc6 17. Ne5 Bxg2 18. Kxg2 Rad8 19. Rae1 Rd4 20. Qe3 Qb7+ 21. Qf3 Qxf3+ 22. Kxf3 Rc8 23. Re4 Rd5 24. a4 Rb8 25. axb5 Bxe5 26. fxe5 Rxb5 27. b3 Ra5 28. Rfe1 h6 29. Rc4 Ra2 30. Ke4 f6 31. exf6 gxf6 32. f4 Kf7 33. Kf3 Rh5 34. Re2 Ra6 1/2-1/2

[Event "Ruhrgebiet VK1 1213"]
[Site "Nordrheinwestfalen"]
[Date "2013.01.13"]
[Round "5.2"]
[White "Kolodziej, Dennis"]
[Black "Langschmidt, Dirk"]
[Result "1/2-1/2"]
[WhiteElo "1818"]
[BlackElo "1965"]
[PlyCount "39"]
[EventDate "2012.09.02"]
[EventType "team-tourn"]
[EventRounds "9"]
[EventCountry "GER"]
[SourceTitle "EXT 2020"]
[Source "ChessBase"]
[SourceDate "2019.10.17"]
[SourceVersion "1"]
[SourceVersionDate "2019.10.17"]
[SourceQuality "1"]
[WhiteTeam "Rochade Eving"]
[BlackTeam "Muelheim SC"]
[WhiteTeamCountry "GER"]
[BlackTeamCountry "GER"]

1. e4 c5 2. Nf3 d6 3. d3 g6 4. g3 Bg7 5. Bg2 Nf6 6. Nbd2 0-0 7. 0-0 Nc6 8. c3 e5 9. h3 h6 10. Nh2 Be6 11. Ng4 Nxg4 12. hxg4 Qd7 13. Bf3 d5 14. Nb3 b6 15. Be3 g5 16. Be2 d4 17. cxd4 Bxb3 18. Qxb3 Nxd4 19. Bxd4 Qxd4 20. Qc3 1/2-1/2

[Event "Ruhrgebiet VK3 0708"]
[Site "Germany"]
[Date "2008.01.20"]
[Round "5.7"]
[White "Diebig, Klaus"]
[Black "Kolodziej, Dennis"]
[Result "0-1"]
[WhiteElo "1725"]
[BlackElo "1747"]
[PlyCount "87"]
[EventDate "2007.09.16"]
[EventType "team"]
[EventRounds "9"]
[EventCountry "GER"]
[SourceTitle "EXT 2009"]
[Source "ChessBase"]
[SourceDate "2008.11.26"]
[SourceVersion "1"]
[SourceVersionDate "2008.11.26"]
[SourceQuality "1"]
[WhiteTeam "RE Sued"]
[BlackTeam "Bergh Wambel"]
[WhiteTeamCountry "GER"]
[BlackTeamCountry "GER"]

1. d4 Nf6 2. c4 d6 3. Nc3 g6 4. e4 Bg7 5. Be2 Nbd7 6. f4 e5 7. fxe5 dxe5 8. d5 Nc5 9. Bg5 h6 10. Bxf6 Qxf6 11. Nf3 Bg4 12. b4 Na6 13. a3 Bxf3 14. Bxf3 0-0 15. 0-0 Qb6+ 16. Kh1 c5 17. dxc6 bxc6 18. c5 Qb7 19. Qc2 Rad8 20. Rad1 Rd4 21. Ne2 Rdd8 22. Rxd8 Rxd8 23. Rd1 Bf6 24. Rxd8+ Bxd8 25. Qd3 Be7 26. Nc3 Nb8 27. Na4 Nd7 28. Nb2 a5 29. Qe3 axb4 30. axb4 Qb5 31. h3 Qf1+ 32. Kh2 Bg5 33. Qd3 Bf4+ 34. g3 Qf2+ 35. Bg2 Be3 36. Qd1 Bd4 37. Nc4 Qa2 38. Na5 Nxc5 39. Nxc6 Ne6 40. Nxd4 Nxd4 41. Qc1 Kg7 42. h4 h5 43. Qc7 Nf3+ 44. Kh3 0-1

[Event "Ruhrgebiet VK3 0708"]
[Site "Germany"]
[Date "2007.11.18"]
[Round "3.4"]
[White "Kolodziej, Dennis"]
[Black "Schuetz, Ralf"]
[Result "1-0"]
[WhiteElo "1756"]
[BlackElo "1791"]
[PlyCount "71"]
[EventDate "2007.09.16"]
[EventType "team"]
[EventRounds "9"]
[EventCountry "GER"]
[SourceTitle "EXT 2009"]
[Source "ChessBase"]
[SourceDate "2008.11.26"]
[SourceVersion "1"]
[SourceVersionDate "2008.11.26"]
[SourceQuality "1"]
[WhiteTeam "Bergh Wambel"]
[BlackTeam "Boenen SV"]
[WhiteTeamCountry "GER"]
[BlackTeamCountry "GER"]

1. e4 e6 2. d4 d5 3. Nc3 Bb4 4. Bd2 dxe4 5. Qg4 Nf6 6. Qxg7 Rg8 7. Qh6 Bd7 8. 0-0-0 Bf8 9. Qh4 Rg4 10. Qh3 Rg6 11. Qh4 Bc6 12. Nge2 Nbd7 13. Nf4 Rg4 14. Qh3 Bd6 15. Nh5 Rg8 16. Be2 Nxh5 17. Bxh5 Qe7 18. Be3 Nb6 19. f3 exf3 20. Bxf3 Bxf3 21. Qxf3 0-0-0 22. h4 Rg3 23. Bg5 Qd7 24. Qe2 Rg8 25. Ne4 Qa4 26. Kb1 h6 27. Nxg3 hxg5 28. Ne4 gxh4 29. Rxh4 Be7 30. Rh7 Rf8 31. Qf2 Qc6 32. Rxf7 Rxf7 33. Qxf7 Nd5 34. Rh1 b6 35. Rh6 Ne3 36. Qxe6+ 1-0

[Event "Dortmund Sparkassen op-B"]
[Site "Dortmund"]
[Date "2006.07.28"]
[Round "2"]
[White "Dorobeck, Ulrich"]
[Black "Kolodziej, Dennis"]
[Result "1-0"]
[WhiteElo "1571"]
[BlackElo "1745"]
[PlyCount "55"]
[EventDate "2006.07.28"]
[EventType "swiss"]
[EventRounds "9"]
[EventCountry "GER"]
[SourceTitle "CBM 113 Extra"]
[Source "ChessBase"]
[SourceDate "2006.09.14"]
[SourceVersion "1"]
[SourceVersionDate "2006.09.14"]
[SourceQuality "1"]

1. c4 e5 2. d3 Bb4+ 3. Bd2 Bxd2+ 4. Nxd2 Nc6 5. Ngf3 d6 6. g3 Nge7 7. Bg2 0-0 8. 0-0 f5 9. Re1 h6 10. h4 f4 11. Ne4 Be6 12. Rc1 Qd7 13. d4 Bh3 14. dxe5 fxg3 15. Nxg3 Bxg2 16. Kxg2 Ng6 17. Qd5+ Kh8 18. e3 Rxf3 19. Kxf3 Ncxe5+ 20. Ke2 Qg4+ 21. Kd2 Nf3+ 22. Kc3 Nxe1 23. Rxe1 Qxh4 24. Rh1 Qf6+ 25. Qd4 Qxf2 26. Rxh6+ Kg8 27. Rxg6 Qe1+ 28. Kb3 1-0

[Event "Dortmund op"]
[Site "Dortmund"]
[Date "2006.03.23"]
[Round "9.9"]
[White "Kolodziej, Dennis"]
[Black "Gorzinski, Dariusz"]
[Result "1/2-1/2"]
[WhiteElo "1727"]
[BlackElo "1830"]
[PlyCount "79"]
[EventDate "2006.03.06"]
[EventType "swiss"]
[EventRounds "9"]
[EventCountry "GER"]
[SourceTitle "CBM 111 Extra"]
[Source "ChessBase"]
[SourceDate "2006.05.09"]
[SourceVersion "1"]
[SourceVersionDate "2006.05.09"]
[SourceQuality "1"]

1. d4 f5 2. Bg5 g6 3. Nf3 Bg7 4. c3 b6 5. Qc2 Bb7 6. Nbd2 Nf6 7. e3 Ne4 8. Bc4 Nxg5 9. Nxg5 e6 10. Ndf3 h6 11. Nh3 g5 12. d5 g4 13. dxe6 Be4 14. Bd3 Bxd3 15. Qxd3 gxh3 16. Qxf5 Qf6 17. Qe4 c6 18. exd7+ Kxd7 19. 0-0-0+ Kc7 20. Nd4 Kb7 21. Nf5 Bf8 22. gxh3 a5 23. a4 Bc5 24. Rhg1 Ra7 25. h4 Rf8 26. Rg7+ Ka8 27. Rxa7+ Kxa7 28. Nd4 Qxf2 29. Nxc6+ Nxc6 30. Rd7+ Kb8 31. Qxc6 Qxe3+ 32. Kb1 Qg1+ 33. Ka2 Qg8+ 34. Kb1 Rf1+ 35. Kc2 Rf2+ 36. Kd3 Qc8 37. Qd5 Rf8 38. Qe5+ Ka8 39. Qd5+ Kb8 40. Qe5+ 1/2-1/2

[Event "Dortmund op"]
[Site "Dortmund"]
[Date "2006.03.21"]
[Round "8.5"]
[White "Begna, Bozidar"]
[Black "Kolodziej, Dennis"]
[Result "1-0"]
[WhiteElo "2002"]
[BlackElo "1727"]
[PlyCount "161"]
[EventDate "2006.03.06"]
[EventType "swiss"]
[EventRounds "9"]
[EventCountry "GER"]
[SourceTitle "CBM 111 Extra"]
[Source "ChessBase"]
[SourceDate "2006.05.09"]
[SourceVersion "1"]
[SourceVersionDate "2006.05.09"]
[SourceQuality "1"]

1. e4 e5 2. Nf3 Nc6 3. Bb5 a6 4. Ba4 d6 5. Bxc6+ bxc6 6. d4 exd4 7. Qxd4 Bg4 8. Qc4 Qd7 9. Ng5 h6 10. Nf3 Be7 11. Nc3 Bf6 12. h3 Be6 13. Qd3 Ne7 14. Bf4 g5 15. Bg3 Ng6 16. 0-0-0 Bg7 17. e5 d5 18. Nd4 Nxe5 19. Bxe5 Bxe5 20. Rhe1 Bxd4 21. Qxd4 Ke7 22. f4 gxf4 23. Qxf4 Qc8 24. Qh4+ Kf8 25. Qf6 Rh7 26. Rd3 Ke8 27. Rg3 Kd7 28. Na4 Qh8 29. Nc5+ Kd6 30. Qf2 Rb8 31. c3 Rb5 32. Nd3 Rg7 33. Qf4+ Kd7 34. Ne5+ Kc8 35. Nxc6 Kb7 36. Nd8+ Qxd8 37. Rxg7 d4 38. Qxd4 Rd5 39. Qe4 Qf6 40. Rg3 c6 41. Qf3 Rf5 42. Qe3 Ra5 43. a3 Rd5 44. Rg8 Rf5 45. Qd4 Qxd4 46. cxd4 Rf2 47. Re3 Rf4 48. Rh8 Rf1+ 49. Kd2 Rf2+ 50. Re2 Rf6 51. Kc3 Kb6 52. b4 Rg6 53. g4 Rf6 54. Re3 Kc7 55. a4 Kb6 56. a5+ Kc7 57. Rf8 Bd5 58. Rh8 Be6 59. Rh7 Kd6 60. Kd3 Bd5 61. Rh8 Kc7 62. h4 Be6 63. g5 hxg5 64. hxg5 Rg6 65. Rg3 f6 66. Rh5 fxg5 67. Rhxg5 Rxg5 68. Rxg5 Bd5 69. Ke3 Bh1 70. Kf4 Bd5 71. Rxd5 cxd5 72. Ke5 Kc6 73. Ke6 Kb5 74. Kxd5 Kxb4 75. Ke6 Kxa5 76. d5 Kb4 77. d6 a5 78. d7 a4 79. d8Q Kb3 80. Qd1+ Kb4 81. Qa1 1-0

[Event "Dortmund op"]
[Site "Dortmund"]
[Date "2006.03.20"]
[Round "7.9"]
[White "Kolodziej, Dennis"]
[Black "Iwannek, Ralf"]
[Result "1-0"]
[WhiteElo "1727"]
[BlackElo "1808"]
[PlyCount "57"]
[EventDate "2006.03.06"]
[EventType "swiss"]
[EventRounds "9"]
[EventCountry "GER"]
[SourceTitle "CBM 111 Extra"]
[Source "ChessBase"]
[SourceDate "2006.05.09"]
[SourceVersion "1"]
[SourceVersionDate "2006.05.09"]
[SourceQuality "1"]

1. e4 e6 2. d4 d5 3. Nc3 dxe4 4. Nxe4 Nf6 5. Nxf6+ Qxf6 6. Nf3 h6 7. Bd3 Bd6 8. Qe2 a6 9. Bd2 Nc6 10. c3 e5 11. Qe4 g6 12. g4 Qg7 13. 0-0-0 f5 14. Qe2 Kd8 15. gxf5 exd4 16. fxg6 Bg4 17. Qe4 Bxf3 18. Qxf3 Ne5 19. Qh3 Nxd3+ 20. Qxd3 Rg8 21. Rdg1 dxc3 22. Bxc3 Qd7 23. Qe4 c6 24. Rd1 Kc7 25. Rxd6 Qxd6 26. Be5 Rxg6 27. Rd1 Qxe5 28. Qxe5+ Kb6 29. Qe3+ 1-0

[Event "Dortmund op"]
[Site "Dortmund"]
[Date "2006.03.10"]
[Round "3.17"]
[White "Kolodziej, Dennis"]
[Black "Schaefer, Ulrich"]
[Result "1-0"]
[WhiteElo "1727"]
[BlackElo "1412"]
[PlyCount "81"]
[EventDate "2006.03.06"]
[EventType "swiss"]
[EventRounds "9"]
[EventCountry "GER"]
[SourceTitle "CBM 111 Extra"]
[Source "ChessBase"]
[SourceDate "2006.05.09"]
[SourceVersion "1"]
[SourceVersionDate "2006.05.09"]
[SourceQuality "1"]

1. e4 e5 2. Nf3 Nf6 3. Nxe5 d6 4. Nf3 Nxe4 5. Bd3 d5 6. Qe2 Qe7 7. 0-0 Nc5 8. Re1 Qxe2 9. Bxe2 Be6 10. d4 Ne4 11. Bd3 f5 12. Bf4 c5 13. Bb5+ Bd7 14. Nc3 cxd4 15. Nxd4 Bc5 16. Rad1 0-0 17. Bxd7 Nxd7 18. Nxd5 Bxd4 19. Rxd4 Ndf6 20. f3 Nxd5 21. Rxd5 Nf6 22. Rxf5 Rad8 23. Bg5 Rd6 24. Bxf6 gxf6 25. Re7 Rd1+ 26. Kf2 Rd2+ 27. Re2 Rxe2+ 28. Kxe2 Rc8 29. c3 Rc6 30. Rd5 Rb6 31. b4 Ra6 32. Ra5 Rxa5 33. bxa5 Kf7 34. Ke3 Ke6 35. Ke4 h6 36. f4 f5+ 37. Kd4 Kd6 38. c4 Ke6 39. c5 h5 40. h4 Kf6 41. Kd5 1-0

[Event "Dortmund-ch"]
[Site "Dortmund"]
[Date "2005.03.17"]
[Round "9"]
[White "Kolodziej, Dennis"]
[Black "Iwannek, Ralf"]
[Result "0-1"]
[WhiteElo "1644"]
[BlackElo "1718"]
[PlyCount "44"]
[EventDate "2005.02.28"]
[EventType "swiss"]
[EventRounds "9"]
[EventCountry "GER"]
[SourceTitle "CBM 105 Extra"]
[Source "ChessBase"]
[SourceDate "2005.05.01"]
[SourceVersion "1"]
[SourceVersionDate "2005.05.01"]
[SourceQuality "1"]

1. c4 c5 2. Nf3 Nc6 3. b3 e6 4. e3 Nf6 5. Bb2 Be7 6. d4 d5 7. Nbd2 0-0 8. Rc1 cxd4 9. Nxd4 Bd7 10. Bd3 Ne5 11. Bb1 dxc4 12. Nxe6 Bxe6 13. Bxe5 cxb3 14. Nxb3 Bb4+ 15. Bc3 Qxd1+ 16. Kxd1 Rfd8+ 17. Nd4 Nd5 18. Bb2 Bd7 19. Ke2 Rac8 20. Be4 Bc3 21. Bxc3 Nxc3+ 22. Kd3 Bb5+ 0-1

[Event "Dortmund-ch"]
[Site "Dortmund"]
[Date "2005.03.08"]
[Round "5"]
[White "Kolodziej, Dennis"]
[Black "Schaefer, Ulrich"]
[Result "1-0"]
[WhiteElo "1644"]
[BlackElo "1475"]
[PlyCount "65"]
[EventDate "2005.02.28"]
[EventType "swiss"]
[EventRounds "9"]
[EventCountry "GER"]
[SourceTitle "CBM 105 Extra"]
[Source "ChessBase"]
[SourceDate "2005.05.01"]
[SourceVersion "1"]
[SourceVersionDate "2005.05.01"]
[SourceQuality "1"]

1. c4 e5 2. Nc3 Nf6 3. Nf3 Nc6 4. d3 Bc5 5. g3 d6 6. Bg2 Be6 7. Ng5 Bg4 8. h3 Bd7 9. 0-0 h6 10. Nge4 Bb6 11. a3 Nxe4 12. Nxe4 Be6 13. b4 f5 14. Nc3 Qd7 15. Kh2 0-0 16. b5 Ne7 17. Bxb7 Rab8 18. Bg2 f4 19. e3 fxg3+ 20. fxg3 Rxf1 21. Qxf1 Rf8 22. Qe1 Qe8 23. Bd2 Rf6 24. Qe2 Qf7 25. Ne4 Rg6 26. Rf1 Qe8 27. Bf3 Qd7 28. h4 d5 29. cxd5 Bxd5 30. h5 Re6 31. Bg4 Bxe4 32. dxe4 g6 33. Qf2 1-0

[Event "Dortmund-ch"]
[Site "Dortmund"]
[Date "2005.03.03"]
[Round "3"]
[White "Kolodziej, Dennis"]
[Black "Hardt, Helmut"]
[Result "0-1"]
[WhiteElo "1644"]
[BlackElo "1823"]
[PlyCount "78"]
[EventDate "2005.02.28"]
[EventType "swiss"]
[EventRounds "9"]
[EventCountry "GER"]
[SourceTitle "CBM 105 Extra"]
[Source "ChessBase"]
[SourceDate "2005.05.01"]
[SourceVersion "1"]
[SourceVersionDate "2005.05.01"]
[SourceQuality "1"]

1. Nf3 Nf6 2. b4 d6 3. Bb2 e5 4. c4 Be7 5. e3 Bg4 6. Be2 Nbd7 7. d4 e4 8. Nfd2 Bxe2 9. Qxe2 d5 10. a3 c6 11. cxd5 cxd5 12. Nc3 0-0 13. 0-0 Nb6 14. f3 exf3 15. Qxf3 Rc8 16. Rac1 Qd7 17. e4 dxe4 18. Ncxe4 Rxc1 19. Rxc1 Rd8 20. Qb3 Nbd5 21. Nxf6+ Nxf6 22. Nf3 Nd5 23. Ne5 Qe6 24. Rf1 f6 25. Nf3 Bd6 26. Re1 Qf7 27. Bc1 g6 28. Qc4 Kg7 29. Bd2 Rd7 30. g3 Rc7 31. Qd3 a6 32. Rc1 Re7 33. Re1 Rd7 34. Qc4 Rc7 35. Qd3 b5 36. Rc1 Qe6 37. Rxc7+ Bxc7 38. Nh4 Bb6 39. Ng2 Qe5 0-1

[Event "Dortmund-ch"]
[Site "Dortmund"]
[Date "2005.03.01"]
[Round "2"]
[White "Werner, Patrick"]
[Black "Kolodziej, Dennis"]
[Result "0-1"]
[WhiteElo "1425"]
[BlackElo "1644"]
[PlyCount "54"]
[EventDate "2005.02.28"]
[EventType "swiss"]
[EventRounds "9"]
[EventCountry "GER"]
[SourceTitle "CBM 105 Extra"]
[Source "ChessBase"]
[SourceDate "2005.05.01"]
[SourceVersion "1"]
[SourceVersionDate "2005.05.01"]
[SourceQuality "1"]

1. e4 c5 2. d4 cxd4 3. c3 dxc3 4. Nxc3 Nc6 5. Nf3 g6 6. Bc4 Bg7 7. 0-0 d6 8. Qe2 Nf6 9. h3 0-0 10. Rd1 Qa5 11. Bd2 Qh5 12. Bf4 Nd7 13. Nd5 Nde5 14. Bxe5 Nxe5 15. Nxe5 Qxe5 16. f4 Qxb2 17. Nxe7+ Kh8 18. Qxb2 Bxb2 19. Rab1 Ba3 20. Nd5 b6 21. Nc7 Rb8 22. Nb5 Bc5+ 23. Kh2 Be6 24. Nxd6 Bxd6 25. Bxe6 Bxf4+ 26. g3 fxe6 27. gxf4 Rxf4 0-1